000 00749nam a2200265Ia 4500
001 dia_2599
003 CHAP
005 20230313130708.0
008 220117s1984 xx 000 0 und d
010 _a173117
040 _cCHAP
082 _a663.22 V6Y
100 _aVogt, Ernst
_9120609
245 _aEl Vino, Obtención, Elaboración y Análisis /
_c por Ernst Vogt
260 _aZaragoza (España) :
_b Acribia,
_c1984
300 _a294 p.
500 _aI.145607 Esain Escobar, Jaime
650 _aVino
_xanálisis.
_9119856
650 _aVino
_xelaboración
_9119861
650 _aViticultura
901 _a663.22 V6Y
902 _aM
905 _a0000001984 ZARA 0000000000ESP00
942 _cLIBRO
_2ddc
999 _c173117
_d173117